Szczegóły MARC21

Tożsamość w społeczeństwie współczesnym : pop-kulturowe (re)interpretacje /

003 -Nazwa inst., której nr kontr. jest w polu 001 [,]
    • @
    • Nazwa instytucji, której n kontrolny jest w polu 001
    • NUKAT
005 -DATA I CZAS OSTATNIEJ MODYFIKACJI [,]
    • @
    • pole kontrolne
    • 20241231094228.0
020 -Międzynarod. znormalizowany nr książki - ISBN [ , ]
    • a
    • Numer ISBN
    • 9788375879544 Find
040 -Instytucja sporządzająca opis [ , ]
    • a
    • Instytucja, która sporządziła opis (NP)
    • WR U/Pdg
    • c
    • Instytucja, która sporządziła rekord (NP)
    • WR U/ZM
    • d
    • Instytucja, która zmodyfikowała rekord (P)
    • KR 93/BJs
    • d
    • Instytucja, która zmodyfikowała rekord (P)
    • WR O/KPK
942 -Rodzaj dokumentu [ , ]
    • c
    • Rodzaj dokumentu
    • Książka
245 -Strefa tytułu i oznaczenia odpowiedzialności [0,0]
    • a
    • Tytuł
    • Tożsamość w społeczeństwie współczesnym : Find
    • b
    • Ciąg dalszy tytułu (NP)
    • pop-kulturowe (re)interpretacje / Find
    • c
    • Pozostałe elementy strefy tytułu i oznaczenia odpowiedzialności (NP)
    • red. nauk. Agnieszka Gromkowska-Melosik, Zbyszko Melosik.
260 -Strefa adresu wydawniczego [ , ]
    • a
    • Miejsce wydania (P)
    • Kraków :
    • b
    • Nazwa wydawcy (P)
    • Oficyna Wydawnicza "Impuls",
    • c
    • Data wydania (P)
    • 2012.
300 -Strefa opisu fizycznego [ , ]
    • a
    • Określenie formy książki i/lub objętość (NP)
    • 334 s. :
    • b
    • Oznaczenie ilustracji (NP)
    • il. ;
    • c
    • Format (NP)
    • 25 cm.
336 -Typ zawartości [ , ]
    • a
    • Termin opisujący typ zawartości
    • Tekst
    • b
    • Kod określający zawartość
    • txt
    • 2
    • Źródło (terminu i kodu)
    • rdacontent
337 -Typ mediów [ , ]
    • a
    • Tryb odtwarzania
    • Bez urządzenia pośredniczącego
    • b
    • Kod typu mediów
    • n
    • 2
    • Źródło (terminu i kodu)
    • rdamedia
338 -Typ/rodzaj nośnika [ , ]
    • a
    • Hasło opisujące typ nośnika
    • Wolumin
    • b
    • Kod typu nośnika
    • nc
    • 2
    • Źródło (terminu i kodu)
    • rdacarrier
504 -Uwaga dot. bibliogr. załącznikowej [ , ]
    • a
    • Uwaga dot. bibliografii załącznikowej
    • Bibliogr. przy rozdz.
080 -Uniwersalna Klasyfikacja Dziesiętna [ , ]
    • 2
    • Identyfikator wydania tablic
    • UDC-P058
    • 9
    • UKD
    • 2828
    • a
    • Symbol klasyfikacji
    • 316.7
    • b
    • Dopowiedzenie
    • Socjologia kultury. Kulturowy kontekst życia społecznego. Antropologia społeczna. Kultura różnych społeczeństw. Cywilizacja. Podkultury. Subkultury. Kultura masowa. Kultury różnych grup. Dynamika kultury. Akulturacja. Zmiana kulturowa. Rozprzestrzenianie się kultury. Sankcje społeczne. Uspołecznianie zachowań.
    • 4
    • UKD2
    • 8124
    • x
    • Poddział wspólny
    • (082.1)
    • c
    • Dopowiedzenie poddz. wspólnego
    • (Zbiory prac różnych autorów. Księgi pamiątkowe).
080 -Uniwersalna Klasyfikacja Dziesiętna [ , ]
    • 2
    • Identyfikator wydania tablic
    • UDC-P058
    • 9
    • UKD
    • 2822
    • a
    • Symbol klasyfikacji
    • 316.6
    • b
    • Dopowiedzenie
    • Psychologia społeczna. Zachowania społeczne. Aktywność i bierność w zachowaniu społecznym. Motywacje ludzkiego zachowania. Potrzeby. Aspiracje.
    • 4
    • UKD2
    • 8124
    • x
    • Poddział wspólny
    • (082.1)
    • c
    • Dopowiedzenie poddz. wspólnego
    • (Zbiory prac różnych autorów. Księgi pamiątkowe).
650 -Hasło przedmiotowe [ ,7]
    • a
    • Hasło przedmiotowe
    • Tożsamość społeczna.
    • 2
    • Źródło terminu
    • kaba
    • 9
    • KHW
    • 143088
650 -Hasło przedmiotowe [ ,7]
    • a
    • Hasło przedmiotowe
    • Kultura masowa.
    • 2
    • Źródło terminu
    • kaba
    • 9
    • KHW
    • 116411
980 -Symbol UKD [ , ]
    • a
    • UKD
    • 316.6/.7(082.1)
700 -Hasło dodatkowe - nazwa osobowa [1, ]
    • a
    • Nazwa osobowa (NP)
    • Gromkowska-Melosik, Agnieszka. Find
    • e
    • Określenie rodzaju współpracy
    • Red.
    • 9
    • KHW
    • 24121
700 -Hasło dodatkowe - nazwa osobowa [1, ]
    • a
    • Nazwa osobowa (NP)
    • Melosik, Zbyszko Find
    • d
    • Daty biograficzne (NP)
    • (1956- ).
    • e
    • Określenie rodzaju współpracy
    • Red.
    • 9
    • KHW
    • 41868
710 -Hasło dodatkowe - nazwa ciała zbiorowego [2, ]
    • a
    • Nazwa ciała zbiorowego lub nazwa geograficzna jako pierwszy element (NP)
    • Oficyna Wydawnicza Impuls.
    • 4
    • Kod relacji
    • pbl
    • 9
    • KHW
    • 52864
920 -ISBN [ , ]
    • a
    • ISBN
    • 978-83-7587-954-4 Find
Sygnatura Numer inwentarzowy Status udost. Data inwentaryzacji Lokalizacja
 Z.11604512012-06-12BG
 WM.13411-32012-06-18BG
 WM.13412-32012-06-18BG
POL. Kulturoznawstwo 08P.2413112013-09-24BM
 H.2211312012-06-18BNS